| 000 | 01075nam a2200277Ia 4500 | ||
|---|---|---|---|
| 001 | 21881 | ||
| 005 | 20260323175431.0 | ||
| 008 | 260320s9999||||xx |||||||||||||| ||und|| | ||
| 020 | _a9786074818932 | ||
| 041 | _aESP | ||
| 082 |
_a512.5 _bA183 |
||
| 100 |
_aAufmann, Richard N., _eAUT |
||
| 245 | 0 | _aÁlgebra elemental | |
| 250 | _aOctava edición | ||
| 260 |
_aMéxico, D. F. : _bCengage Learning, _c2013 |
||
| 300 |
_aVarias paginaciones : _btablas, gráficos ; _c27 cm. |
||
| 500 | _aNo tiene portada / Datos extraídos de Worldcat | ||
| 650 | _aMAT | ||
| 653 | _aÁlgebra | ||
| 654 | _aCHU | ||
| 700 |
_aLockwood, Joannes S., _cAUT |
||
| 856 |
_uhttps://itmsp.museknowledge.com/UCSP?url=https://www.ebooks7-24.com:443/?il=1287&pg=1 _zVersión digital |
||
| 856 |
_uhttps://0u213trl2-y-https-ebooks7--24-com.itmsp.museknowledge.com/biblioteca.aspx _zVéase además: Base de datos Ebook7-24 |
||
| 856 |
_uhttps://0u20ftrl4-y-https-research-ebsco-com.itmsp.museknowledge.com/c/qxo6us/search _zVéase además: Base de datos EBSCOhost |
||
| 942 |
_cLIB _dJUS _fTRC _2ddc |
||
| 999 |
_c21881 _d21881 |
||